PROFILE - skúsenosti po roku

Rozhovor s V. Pokorským (riaditeľ odboru platobného a zúčtovacieho styku Investičnej a rozvojovej banky) o zavedení bankového systému PROFILE v Investičnej a rozvojovej banke, a.s.

Gespeichert in:
Bibliographische Detailangaben
Format: Buchkapitel
Sprache:Slowakisch
Schlagworte:
Tags: Tag hinzufügen
Keine Tags, Fügen Sie das erste Tag hinzu!

MARC

LEADER 00000naa a2200000 4500
001 r024063
005 20221213113112.4
041 0 |a slo 
044 |a SK 
245 1 0 |a PROFILE - skúsenosti po roku 
520 |a Rozhovor s V. Pokorským (riaditeľ odboru platobného a zúčtovacieho styku Investičnej a rozvojovej banky) o zavedení bankového systému PROFILE v Investičnej a rozvojovej banke, a.s. 
610 2 0 |a bankovníctvo 
610 2 0 |a systémy počítačové 
610 2 0 |a PROFILE 
610 2 0 |a Slovensko 
610 2 0 |a IRB, a.s. Bratislava